| 000 | 00605nam a2200205 i 4500 | ||
|---|---|---|---|
| 001 | 5714 | ||
| 003 | ES-MaACL | ||
| 005 | 20230906144653.0 | ||
| 007 | t| | ||
| 008 | 890424s1988 sp ||||1| spa d | ||
| 020 | _a84-239-5279-7 | ||
| 080 | _a725.13(46) | ||
| 100 | 1 |
_aRincón García, Wifredo. _997269 |
|
| 245 | 1 | 0 |
_aAyuntamientos de España / _cWifredo Rincon Garcia. |
| 260 |
_aMadrid : _bEspasa-Calpe, _c1988. |
||
| 300 |
_a415 p. : _bprincipalmente il. ; _c31 cm. |
||
| 500 | _aIndices. | ||
| 650 | 1 | 4 |
_aEdificios municipales- _zEspaña. _912057 |
| 852 |
_aES-MaACL _jL-12569 _bR.116339 _z. - piel |
||
| 999 |
_c5714 _d5714 |
||